000 01574nam a22002057a 4500
005 20230807100030.0
008 230807b ||||| |||| 00| 0 eng d
020 _a9780752877037
040 _cAL
041 _aeng
082 _223
_a813.54
_bLUDW
100 _aRobert Ludlums
_9129581
245 _aMoscow vector
260 _aLondon
_bOrion Books
_c2005
300 _a407p.
_bPB
_c18x11.5cm.
520 _aAt an international conference in Prague, Lt. Col. Jon Smith, an Army research doctor specializing in infectious diseases and secretly an agent attached to Covert-One, is contacted by a Russian colleague, Dr. Valentine Petrenko. Petrenko is concerned about a small cluster of mysterious deaths in Moscow and about the Russian government's refusal to release publicly any information or data on the outbreak. When the two meet, they are attacked by a group of mysterious men and Petrenko is killed, his notes and medical samples are lost, and Smith barely escapes with his life. At the same time, a series of government officials around the world are coming down with a mysterious, fast-acting virus with a 100% fatality rate. These deaths are somehow related to the increasing militarism from the new Russian government, headed by the autocratic and ambitious President Victor Dudarev. With few clues and precious little time, Smith and Covert-One must unravel this mysterious plot and find the mysterious figure who stands at the center of it all
650 _2Literature
_aAmerican Fiction
_9129582
700 _aLarkin, Patrick
_9129583
942 _2ddc
_cBK
999 _c228229
_d228229